Základy finančního hospodaření Bilance. Účet zisků a ztrát. Cash-flow. Základy kalkulace. Finanční plánování. Systémy včasného varování
Guardado en:
| Autor principal: | |
|---|---|
| Otros Autores: | |
| Formato: | Libro |
| Lenguaje: | checo |
| Publicado: |
Praha
Linde
1993
|
| Edición: | 1. vyd. |
| Materias: | |
| Etiquetas: |
Sin Etiquetas, Sea el primero en etiquetar este registro!
|
MARC
| LEADER | 00000nam a2200000 4500 | ||
|---|---|---|---|
| 001 | c006617 | ||
| 005 | 20221206075259.2 | ||
| 020 | |a 80-85647-11-7 | ||
| 041 | 0 | |a cze | |
| 044 | |a CZ | ||
| 245 | 1 | 0 | |a Základy finančního hospodaření |b Bilance. Účet zisků a ztrát. Cash-flow. Základy kalkulace. Finanční plánování. Systémy včasného varování |c Peter Kralicek ; [Z nem. prel.] Josef Spal |
| 250 | |a 1. vyd. | ||
| 264 | 1 | |a Praha |b Linde |c 1993 | |
| 300 | |a 110 s. | ||
| 610 | 2 | 0 | |a hospodárenie finančné |
| 610 | 2 | 0 | |a analýza ekonomická |
| 610 | 2 | 0 | |a cash flow |
| 610 | 2 | 0 | |a účtovanie nákladov |
| 610 | 2 | 0 | |a kalkulácia |
| 610 | 2 | 0 | |a bilancie |
| 610 | 2 | 0 | |a plán |
| 610 | 2 | 0 | |a kontrola |
| 610 | 2 | 0 | |a zisk |
| 610 | 2 | 0 | |a strata |
| 610 | 2 | 0 | |a účty |
| 100 | 1 | |a Kralicek, Peter | |
| 700 | 1 | |a Spal, Josef | |